000 00413nam a22001577a 4500
005 20251108164947.0
008 250721s9999 xx 000 0 ara d
082 1 4 _a320.54/فقي
100 1 _aفقيه، شادي
245 1 0 _aكيف يسيطر اليهود على العالم /
264 _bدار القلم،
300 _a199ص.
650 1 7 _aالصهيونية
942 _2ddc
_cBK
999 _c18471
_d18471